00860naa#a2200169#i#4500001002200000005001700022011001400039100004100053102000700094200019400101210016900295215001000464608004500474675012900519700002800648856001400676RU\INFRA-M\bibl\6398020260605231125.5##a1998-0728##a20230426b2023####ek#y0rusy0150####ca##aRU1#aИностранный язык в начальной школе: трудности изучения и пути их устранения (часть 1)eЖурнальная статья1#aМоскваcОбщество с ограниченной ответственностью «Научно-издательский центр ИНФРА-М»d2023##a4 с.##aЖурнальная статья2local##aПервая ступень обучения. Начальная школа. 373.3aОбучение языкам. 372.881.1#1aГабееваgК. А.4#azh-szf.ru